Представление документа в формате MARC21

Поле Инд. ПП Название Значение
Тип записи a
Библиографический уровень m
001 _ Контрольный номер RU\infra-m\znanium\bibl\1028579
005 _ Дата корректировки 20250915104145.9
008 Кодируемые данные 191213s2019 RU g rus u
020 a ISBN 978-5-238-00604-8
040 a Служба первич. каталог. Общество с ограниченной ответственностью «ЗНАНИУМ»
041 a Код языка текста rus
044 a Код страны публикации RU
080 a Индекс УДК 811161
084 2 Источник индекса rubbk
a Индекс другой классификации/Индекс ББК 8120
084 2 Источник индекса okso
a Индекс другой классификации/Индекс ББК 45.03.01
084 2 Источник индекса okso
a Индекс другой классификации/Индекс ББК 45.03.02
084 2 Источник индекса okso
a Индекс другой классификации/Индекс ББК 45.00.00
100 1_ a Автор Штрекер Нина Юрьевна
q Полное имя Нина Юрьевна
245 a Заглавие Русский язык и культура речи
b Продолж. заглавия Учеб. пособие для вузов; Учебное пособие
c Ответственность Калужский государственный университет им. К.Э. Циолковского
250 a Основные сведения об издании 1
260 a Место издания Москва
b Издательство Издательство "ЮНИТИ-ДАНА"
c Дата издания 2017
300 a Объем 383 с.
520 a Аннотация Учебное пособие подготовлено в соответствии с программой блока «Общие гуманитарные и социально-экономические дисциплины» Государственного образовательного стандарта высшего профессионального образования. Цель пособия — познакомить студентов со стилистическими ресурсами русского языка научить писать и оформлять работы учебнонаучных жанров и различного рода документацию; помочь в усвоении нормативных коммуникативных и этических аспектов устной и письменной речи овладении основами риторики и культуры речи. Для студентов высших учебных заведений нефилологических специальностей. Может быть использовано при проведении занятий в гимназиях лицеях школах.
521 a Примеч. о целев. назн. ВО - Бакалавриат
650 a Основная рубрика Филологические науки
x Основная подрубрика Русский язык
852 x Примечание, не предназначенное для пользователя znanium2023
856 4_ a Имя сервера/домена znanium.com
m Помощь ebs_support@infra-m.ru
n Местонахождение сервера НИЦ ИНФРА-М
u URL https://znanium.com/catalog/document?id=340999
z Примечание для пользователя Участвует в КО
856 41 a Имя сервера/домена znanium.com
d Путь /cover/1028
f Электронное имя 1028579.jpg
q Тип электронного формата image/jpeg
u URL https://znanium.com/cover/1028/1028579.jpg